[Event "Valasska Bystrice op 13th"]
[Site "Valasska Bystrice"]
[Date "2022.09.15"]
[Round "7"]
[White "Palla, Rostislav"]
[Black "Fiser, Jiri1111"]
[Result "0-1"]
[WhiteElo "1652"]
[BlackElo "1798"]
[PlyCount "76"]
[EventDate "2022.09.10"]
[EventType "swiss"]
[EventRounds "9"]
[EventCountry "CZE"]
[SourceTitle "CBM 210 Extra"]
[Source "ChessBase"]
[SourceDate "2022.11.30"]
[SourceVersion "1"]
[SourceVersionDate "2022.11.30"]
[SourceQuality "1"]

1. e4 c5 2. Nf3 a6 3. c4 Nc6 4. d4 cxd4 5. Nxd4 g6 6. Be3 Bg7 7. Nxc6 bxc6 8. Qc2 Nf6 9. Nc3 Ng4 10. Bc5 d6 11. 0-0-0 Qa5 12. Bd4 e5 13. Be3 Nxe3 14. fxe3 Qc7 15. Qd2 Bf8 16. Be2 Be7 17. h4 h5 18. Rdg1 Be6 19. b3 Qa5 20. g4 hxg4 21. Bxg4 Bxg4 22. Rxg4 0-0-0 23. Kb2 Rh5 24. Qf2 Rf8 25. Rh3 Qd8 26. Ne2 f5 27. Rxg6 fxe4 28. Qg2 Rxh4 29. Rxh4 Bxh4 30. Qxe4 Kc7 31. c5 Bf6 32. cxd6+ Qxd6 33. Nc3 Rh8 34. Qc2 e4 35. Rg2 Qe5 36. Rd2 Rh3 37. Rd4 Rxe3 38. Nd5+ Qxd5 0-1

[Event "Klatovy op 22nd"]
[Site "Klatovy"]
[Date "2016.07.04"]
[Round "3"]
[White "Palla, Rostislav"]
[Black "Stinka, Jakub"]
[Result "0-1"]
[WhiteElo "1736"]
[BlackElo "1916"]
[PlyCount "62"]
[EventDate "2016.07.02"]
[EventType "swiss"]
[EventRounds "9"]
[EventCountry "CZE"]
[SourceTitle "CBM 173 Extra"]
[Source "ChessBase"]
[SourceDate "2016.08.29"]
[SourceVersion "1"]
[SourceVersionDate "2016.08.29"]
[SourceQuality "1"]

1. e4 c5 2. Nf3 d6 3. d4 cxd4 4. Nxd4 Nf6 5. Nc3 Nc6 6. Be3 Ng4 7. Bg5 Qb6 8. Nce2 e5 9. h3 Nxf2 10. Kxf2 exd4 11. Qd3 Be6 12. b3 d5 13. exd5 Nb4 14. Qe4 Nxd5 15. Nxd4 Bc5 16. Be3 Nxe3 17. Kxe3 0-0 18. c3 Rad8 19. Rd1 Rfe8 20. Kf2 Bxb3 21. Qxe8+ Rxe8 22. axb3 Qxb3 23. Rd3 Qb2+ 24. Kf3 h6 25. g4 a5 26. Kg3 Qc1 27. Rf3 Re3 28. Bg2 Bd6+ 29. Kh4 Qxc3 30. Rxe3 Qxe3 31. Nf3 Qf2+ 0-1

[Event "CZE-ch Seniors 60"]
[Site "Rychnov nad Kneznou"]
[Date "2015.08.18"]
[Round "4"]
[White "Dolezal, Radoslav1111"]
[Black "Palla, Rostislav"]
[Result "1/2-1/2"]
[WhiteElo "1964"]
[BlackElo "1790"]
[PlyCount "83"]
[EventDate "2015.08.15"]
[EventType "swiss"]
[EventRounds "9"]
[EventCountry "CZE"]
[SourceTitle "EXT 2016"]
[Source "ChessBase"]
[SourceDate "2015.10.08"]
[SourceVersion "1"]
[SourceVersionDate "2015.10.08"]
[SourceQuality "1"]

1. e4 c5 2. c3 g6 3. d4 cxd4 4. cxd4 Bg7 5. Nf3 d6 6. h3 Nf6 7. Nc3 0-0 8. Bd3 Nc6 9. 0-0 Nb4 10. Be2 d5 11. e5 Ne4 12. Qb3 Nxc3 13. Qxc3 Qb6 14. a3 Nc6 15. Be3 Bd7 16. Rac1 Rac8 17. Qd2 Na5 18. Rxc8 Rxc8 19. Rc1 Rxc1+ 20. Qxc1 Qc6 21. Qxc6 Bxc6 22. Nd2 Bd7 23. b4 Nc6 24. f4 e6 25. Nb1 a6 26. Nc3 b5 27. g4 Bf8 28. Kf2 Be7 29. Kf3 Bd8 30. Bd3 Bb6 31. Ne2 Kg7 32. Kf2 Kf8 33. Ke1 Na7 34. Kd2 Bd8 35. Bf2 Nc6 36. Kc3 Kg7 37. Nc1 f5 38. g5 h5 39. Nb3 Be7 40. Nc5 Bxc5 41. bxc5 Kf7 42. Be3 1/2-1/2

[Event "Nachod op 11th"]
[Site "Nachod"]
[Date "2013.07.01"]
[Round "3"]
[White "Bulo, Paulo Emanuel"]
[Black "Palla, Rostislav"]
[Result "0-1"]
[WhiteElo "2197"]
[BlackElo "1719"]
[PlyCount "68"]
[EventDate "2013.06.29"]
[EventType "swiss"]
[EventRounds "9"]
[EventCountry "CZE"]
[SourceTitle "CBM 155 Extra"]
[Source "ChessBase"]
[SourceDate "2013.08.26"]
[SourceVersion "1"]
[SourceVersionDate "2013.08.26"]
[SourceQuality "1"]

1. e4 c5 2. Nc3 Nc6 3. Nf3 d6 4. d4 cxd4 5. Nxd4 g6 6. Be3 Bg7 7. Qd2 Nf6 8. f3 Bd7 9. 0-0-0 a6 10. Nxc6 Bxc6 11. Bh6 0-0 12. Bxg7 Kxg7 13. g4 Rc8 14. Bd3 b5 15. Rdg1 Qa5 16. Kb1 Qb6 17. h4 h5 18. gxh5 Nxh5 19. Qg5 Qc5 20. Qg4 Nf6 21. Qh3 b4 22. Rg5 Qe3 23. Nd1 Qf4 24. Rhg1 Nh7 25. R5g3 Rc7 26. h5 g5 27. Qg2 f6 28. Nf2 Bd7 29. Bxa6 Ra8 30. Bd3 Be6 31. c4 bxc3 32. b3 Qd2 33. Bc2 Rca7 34. a4 Bxb3 0-1

[Event "Nachod op 9th"]
[Site "Nachod"]
[Date "2011.07.05"]
[Round "4.19"]
[White "Palla, Rostislav"]
[Black "Komarek, David"]
[Result "0-1"]
[WhiteElo "1736"]
[BlackElo "2129"]
[PlyCount "86"]
[EventDate "2011.07.02"]
[EventType "swiss"]
[EventRounds "9"]
[EventCountry "CZE"]
[SourceTitle "EXT 2012"]
[Source "ChessBase"]
[SourceDate "2011.11.24"]
[SourceVersion "1"]
[SourceVersionDate "2011.11.24"]
[SourceQuality "1"]

1. e4 e6 2. Qe2 b6 3. Nf3 Bb7 4. g3 g6 5. Bg2 Bg7 6. c3 Ne7 7. 0-0 0-0 8. Re1 f5 9. e5 f4 10. d4 fxg3 11. fxg3 c5 12. Nbd2 cxd4 13. cxd4 Nbc6 14. Nb3 Rc8 15. Bd2 Nd5 16. a3 a5 17. Rac1 Rc7 18. Bg5 Qa8 19. Qd2 Rcc8 20. Bh6 a4 21. Bxg7 Kxg7 22. Na1 Nce7 23. Rxc8 Rxc8 24. Rf1 Nf5 25. Nc2 Rxc2 26. Qxc2 Nde3 27. Qc7 Nxf1 28. Qxd7+ Kh6 29. Ng5 Kxg5 30. Bxb7 Qf8 31. Qxh7 N1xg3 32. hxg3 Nxg3 33. Kg2 Ne2 34. Qd7 Nf4+ 35. Kg3 Nd3 36. Kg2 Qf2+ 37. Kh1 Qe1+ 38. Kh2 Qd2+ 39. Bg2 Nf4 40. Qe7+ Kg4 41. Qb7 Nxg2 42. Qxg2+ Qxg2+ 43. Kxg2 Kf4 0-1

[Event "Nachod op 9th"]
[Site "Nachod"]
[Date "2011.07.02"]
[Round "1.31"]
[White "Hastik, Svatopluk"]
[Black "Palla, Rostislav"]
[Result "0-1"]
[WhiteElo "2061"]
[BlackElo "1736"]
[PlyCount "104"]
[EventDate "2011.07.02"]
[EventType "swiss"]
[EventRounds "9"]
[EventCountry "CZE"]
[SourceTitle "EXT 2012"]
[Source "ChessBase"]
[SourceDate "2011.11.24"]
[SourceVersion "1"]
[SourceVersionDate "2011.11.24"]
[SourceQuality "1"]

1. d4 d5 2. c4 e6 3. Nc3 Nf6 4. Bg5 Nbd7 5. cxd5 exd5 6. Nxd5 Nxd5 7. Bxd8 Bb4+ 8. Qd2 Bxd2+ 9. Kxd2 Kxd8 10. e4 N5f6 11. f3 Nb6 12. Bd3 Bd7 13. Ne2 a6 14. g4 h6 15. h4 Bb5 16. Rac1 Bxd3 17. Kxd3 c6 18. Ng3 g6 19. h5 Ke7 20. Rh2 g5 21. Nf5+ Kd7 22. Rhc2 Rac8 23. b3 Ne8 24. a4 Nd6 25. Ne3 f6 26. a5 Na8 27. e5 fxe5 28. dxe5 Nf7 29. Nc4 Ke6 30. Re2 Nc7 31. Kc2 Nd5 32. Rd1 Rcd8 33. Rde1 Rd7 34. Nd2 Nb4+ 35. Kc3 Nd3 36. Ne4 Nxe1 37. Nc5+ Ke7 38. Nxd7 Nxf3 39. e6 Nd6 40. Re3 Nb5+ 41. Kc4 Nfd4 42. Ne5 Rd8 43. Ng6+ Ke8 44. e7 Rd5 45. Re1 Nd6+ 46. Kc3 Nf7 47. b4 Nf3 48. Re4 N3e5 49. Kb3 c5 50. bxc5 Rxc5 51. Ka4 Rd5 52. Rb4 Nc6 0-1

[Event "Klatovy op-A"]
[Site "Klatovy"]
[Date "2007.07.06"]
[Round "7"]
[White "Palla, Rostislav"]
[Black "Valdman, Jan"]
[Result "1/2-1/2"]
[WhiteElo "1803"]
[BlackElo "1839"]
[PlyCount "51"]
[EventDate "2007.06.30"]
[EventType "swiss"]
[EventRounds "9"]
[EventCountry "CZE"]
[SourceTitle "CBM 119 Extra"]
[Source "ChessBase"]
[SourceDate "2007.09.04"]
[SourceVersion "1"]
[SourceVersionDate "2007.09.04"]
[SourceQuality "1"]

1. e4 c5 2. Nf3 d6 3. d4 cxd4 4. Nxd4 Nf6 5. Nc3 a6 6. Be3 e5 7. Nb3 Be7 8. f3 0-0 9. Qd2 b5 10. Nd5 Nc6 11. c4 Nxd5 12. exd5 Nb8 13. Na5 f5 14. Rc1 Bh4+ 15. g3 f4 16. Bxf4 Rxf4 17. gxh4 Qxh4+ 18. Qf2 Qd8 19. b4 Bg4 20. Be2 Nd7 21. Qg3 Bh5 22. Rg1 g6 23. Nc6 Qf6 24. Qh3 Qh4+ 25. Qxh4 Rxh4 26. Rg2 1/2-1/2

[Event "Klatovy op-A"]
[Site "Klatovy"]
[Date "2007.07.05"]
[Round "6"]
[White "Vacek, Miroslav"]
[Black "Palla, Rostislav"]
[Result "1/2-1/2"]
[WhiteElo "1898"]
[BlackElo "1803"]
[PlyCount "75"]
[EventDate "2007.06.30"]
[EventType "swiss"]
[EventRounds "9"]
[EventCountry "CZE"]
[SourceTitle "CBM 119 Extra"]
[Source "ChessBase"]
[SourceDate "2007.09.04"]
[SourceVersion "1"]
[SourceVersionDate "2007.09.04"]
[SourceQuality "1"]

1. e4 c5 2. Nf3 Nc6 3. d4 cxd4 4. Nxd4 Nf6 5. Nc3 e5 6. Ndb5 d6 7. Bg5 a6 8. Na3 b5 9. Nd5 Be7 10. Bxf6 Bxf6 11. c3 Be6 12. Nc2 Bxd5 13. exd5 Ne7 14. a4 bxa4 15. Rxa4 0-0 16. Rxa6 Rxa6 17. Bxa6 Qb6 18. Nb4 Ra8 19. Bc4 Qc5 20. Ba2 Ng6 21. 0-0 Bd8 22. Qb3 Nf4 23. Qc4 h5 24. g3 Nh3+ 25. Kg2 Ng5 26. h4 Nh7 27. Nc6 Bb6 28. b4 Qxc4 29. Bxc4 Nf6 30. f3 e4 31. Ne7+ Kf8 32. Nf5 exf3+ 33. Rxf3 Ne4 34. Rd3 g6 35. Ne3 Kg7 36. Nc2 Rc8 37. Na3 Ra8 38. Nc2 1/2-1/2

[Event "Klatovy op-A"]
[Site "Klatovy"]
[Date "2007.06.30"]
[Round "1"]
[White "Framberk, Jan"]
[Black "Palla, Rostislav"]
[Result "0-1"]
[WhiteElo "2077"]
[BlackElo "1803"]
[PlyCount "80"]
[EventDate "2007.06.30"]
[EventType "swiss"]
[EventRounds "9"]
[EventCountry "CZE"]
[SourceTitle "CBM 119 Extra"]
[Source "ChessBase"]
[SourceDate "2007.09.04"]
[SourceVersion "1"]
[SourceVersionDate "2007.09.04"]
[SourceQuality "1"]

1. e4 c5 2. Nf3 Nc6 3. d4 cxd4 4. Nxd4 Nf6 5. Nc3 e5 6. Ndb5 d6 7. Bg5 a6 8. Na3 b5 9. Bxf6 gxf6 10. Nd5 Bg7 11. c3 f5 12. exf5 Bxf5 13. Nc2 0-0 14. Nce3 Bg6 15. a4 Na7 16. axb5 Nxb5 17. Be2 Kh8 18. 0-0 f5 19. Nb4 Qb6 20. Nc4 Qb7 21. Nxd6 Nxd6 22. Qxd6 Rfd8 23. Qc6 Qxc6 24. Nxc6 Rd2 25. Rxa6 Rxa6 26. Bxa6 Rxb2 27. Rd1 h6 28. Ne7 Kh7 29. c4 Bf8 30. Nc6 e4 31. Rd7+ Kg8 32. h3 f4 33. Ne5 Bh5 34. Bb7 e3 35. fxe3 fxe3 36. Be4 Kh8 37. g4 e2 38. Nd3 Bc5+ 39. Kg2 e1Q+ 40. Nxb2 Qf2+ 0-1

[Event "Nachod op 9th"]
[Site "Nachod"]
[Date "2003.??.??"]
[Round "6"]
[White "Moller, Kamil"]
[Black "Palla, Rostislav"]
[Result "1-0"]
[WhiteElo "1890"]
[BlackElo "1765"]
[PlyCount "75"]
[EventDate "2003.??.??"]
[EventType "swiss"]
[EventRounds "9"]
[EventCountry "CZE"]
[SourceTitle "EXT 2007"]
[Source "ChessBase"]
[SourceDate "2006.11.23"]
[SourceVersion "1"]
[SourceVersionDate "2006.11.23"]
[SourceQuality "1"]

1. e4 c5 2. Nc3 Nc6 3. f4 d6 4. Bc4 Nf6 5. f5 a6 6. Nf3 b5 7. Bd5 Nxd5 8. Nxd5 e6 9. fxe6 Bxe6 10. Ne3 g6 11. 0-0 Bg7 12. c3 0-0 13. Nc2 d5 14. exd5 Bxd5 15. d3 Qc7 16. Be3 Ne5 17. Nfe1 f5 18. Bf4 Qb7 19. Ne3 Bc6 20. Qb3+ Kh8 21. Rd1 Rad8 22. d4 c4 23. Qa3 Ng4 24. N3c2 Rfe8 25. h3 Nf6 26. Be5 Ne4 27. Nf3 Bxe5 28. Nxe5 Bd5 29. Ne3 Ng3 30. Rf2 Kg7 31. Kh2 Ne4 32. Rf4 Qb6 33. Nxd5 Rxd5 34. Re1 Qf6 35. Rexe4 fxe4 36. Rxf6 Kxf6 37. Qxa6+ Re6 38. Qb7 1-0